书目信息 |
| 题名: |
新型大屏幕彩电快速检修
|
|
| 作者: | 许庆和 编著 | |
| 分册: | ||
| 出版信息: | 郑州 河南科学技术出版社 2000.03 |
|
| 页数: | 204页 | |
| 开本: | 16开 | |
| 丛书名: | ||
| 单 册: | ||
| 中图分类: | TN949.16 | |
| 科图分类: | ||
| 主题词: | 电视--各种体制 | |
| 电子资源: | ||
| ISBN: | 7-5349-2306-9 | |
| 000 | 00595nam0 2200193 45 | |
| 001 | 0008021090 | |
| 005 | 20000802101224.6 | |
| 010 | @a7-5349-2306-9@d20.00元 | |
| 100 | @a20000802d2000 km y0chiy0120 ea | |
| 101 | 0 | @achi |
| 105 | @a z 000yy | |
| 200 | 1 | @a新型大屏幕彩电快速检修@AXin Xing Da Ping Mu Cai Dian Kuai Su Jian Xiu@f许庆和等编著@FXu Qing He Deng Bian Zhu |
| 210 | @a郑州@c河南科学技术出版社@d2000.03 | |
| 215 | @a204页@d16开 | |
| 606 | 0 | @a电视@x各种体制 |
| 690 | @aTN949.16@v3 | |
| 701 | 0 | @a许庆和@4编著 |
| 801 | @aCN@bPftUser@c20000802 | |
| 905 | @b85682-686@dTN949.16@eX302@f5 | |
| 新型大屏幕彩电快速检修/许庆和等编著.-郑州:河南科学技术出版社,2000.03 |
| 204页;16开 |
| ISBN 7-5349-2306-9:20.00元 |
| ● |
| 相关链接 |
|
|
|
正题名:新型大屏幕彩电快速检修
索取号:TN949.16/X302
 
预约/预借
| 序号 | 登录号 | 条形码 | 馆藏地/架位号 | 状态 | 备注 |
| 1 | 85682 | 200856822 | 自科库301/301自科库 100排7列6层/ [索取号:TN949.16/X302] | 在馆 | |
| 2 | 85683 | 200856831 | 自科二线504/504自科库 8排4列1层/ [索取号:TN949.16/X302] | 在馆 | |
| 3 | 85684 | 200856840 | 自科二线504/504自科库 8排4列1层/ [索取号:TN949.16/X302] | 在馆 | |
| 4 | 85685 | 200856859 | 自科二线504/504自科库 8排4列1层/ [索取号:TN949.16/X302] | 在馆 | |
| 5 | 85686 | 200856868 | 自科库301/301自科库 100排7列6层/ [索取号:TN949.16/X302] | 在馆 |